| 000 | 00636nam a22002297a 4500 | ||
|---|---|---|---|
| 001 | 0005286 | ||
| 003 | DO-SdBNP | ||
| 005 | 20180124085022.0 | ||
| 007 | 0005286 | ||
| 008 | 151119b 1988 nyu ||||| |||| 00| 0 spa d | ||
| 020 | _a0140328726 | ||
| 040 |
_aBPMSU _bspa _cBPMSU |
||
| 082 |
_axxxxx _bxxxxx |
||
| 100 | 1 | _aDahl, Roald | |
| 245 | 1 | 0 |
_aFantastic Mr. Fox / _cRoald Dahl ; illustrated by Tony Ross. |
| 260 |
_aNew York : _bKnopf, _c1988 |
||
| 300 |
_a90 p. : _bil ; _c24 cm. |
||
| 700 | 1 | 2 |
_aRoss, Tony, _eil. |
| 942 |
_2ddc _cBK |
||
| 945 | _aInventariado, 2018 / YL | ||
| 956 |
_aLorenza Pérez _b10 _220161026 _600041 _cBPMSU |
||
| 999 |
_c8812 _d8812 |
||